[Event "FRA-chT Top 12 2019"]
[Site "Brest"]
[Date "2019.05.25"]
[Round "8.7"]
[White "Iglesias, Joachim"]
[Black "Genzling, Alain"]
[Result "1/2-1/2"]
[WhiteElo "2276"]
[BlackElo "2376"]
[Annotator "NA"]
[PlyCount "68"]
[EventDate "2019.05.18"]
[EventType "team-tourn"]
[EventCountry "FRA"]
[SourceTitle "playchess.com"]
[Source "ChessBase"]
[SourceQuality "1"]
[TimeControl "40/5400+30:1800+30"]

1. Nf3 {[%emt 0:00:00]} c5 {[%emt 0:02:20]} 2. c4 {[%emt 0:00:31]} Nc6 {[%emt 0:07:28]} 3. b3 {[%emt 0:01:36]} Nf6 {[%emt 0:04:23]} 4. Bb2 {[%emt 0:00:31]} e6 {[%emt 0:00:37]} 5. e3 {[%emt 0:06:05]} Be7 {[%emt 0:01:25]} 6. Be2 {[%emt 0:00:28]} O-O {[%emt 0:01:53]} 7. O-O {[%emt 0:00:44]} b6 {[%emt 0:05:22]} 8. d3 {[%emt 0:02:55]} d5 {[%emt 0:03:58]} 9. cxd5 {[%emt 0:00:17]} Nxd5 {[%emt 0:04:31]} 10. a3 {[%emt 0:01:00]} Bf6 {[%emt 0:02:25]} 11. Qc2 {[%emt 0:03:53]} Bb7 {[%emt 0:01:58]} 12. Nbd2 {[%emt 0:02:54]} Qe7 {[%emt 0:10:54]} 13. Rfe1 {[%emt 0:06:05]} Bxb2 {[%emt 0:12:04]} 14. Qxb2 {[%emt 0:00:07]} e5 {[%emt 0:00:50]} 15. Rac1 {[%emt 0:04:09]} Rfe8 {[%emt 0:03:14]} 16. Bd1 {[%emt 0:13:26]} Rad8 {[%emt 0:04:50]} 17. Bc2 {[%emt 0:00:31]} f5 {[%emt 0:12:29]} 18. b4 {[%emt 0:12:10]} cxb4 {[%emt 0:02:56]} 19. Ba4 {[%emt 0:01:14]} Qf6 {[%emt 0:01:32]} 20. Bxc6 {[%emt 0:03:07]} Bxc6 {[%emt 0:00:07]} 21. axb4 {[%emt 0:00:18]} Bb5 {[%emt 0:04:21]} 22. d4 {[%emt 0:02:25]} e4 {[%emt 0:04:49]} 23. Ne5 {[%emt 0:00:11]} Qd6 {[%emt 0:01:39]} 24. Qa2 {[%emt 0:06:40]} Re7 {[%emt 0:01:27]} 25. Ndc4 {[%emt 0:04:00]} Qxb4 {[%emt 0:02:17]} 26. Na3 {[%emt 0:07:30]} Be8 {[%emt 0:00:10]} 27. Re2 {[%emt 0:02:53]} Bf7 {[%emt 0:02:38]} 28. Nc6 {[%emt 0:02:59]} Rc7 {[%emt 0:00:21]} 29. Qa1 {[%emt 0:00:13]} Rdc8 {[%emt 0:00:40]} 30. Rec2 {[%emt 0:00:19]} Qf8 {[%emt 0:00:50]} 31. Nb5 {[%emt 0:00:27]} Rd7 {[%emt 0:00:17]} 32. Ne5 {[%emt 0:05:09]} Rxc2 {[%emt 0:00:01]} 33. Rxc2 {[%emt 0:00:31]} Rd8 {[%emt 0:00:01]} 34. Nxa7 {[%emt 0:00:35]} Ra8 {[%emt 0:00:31]} 1/2-1/2

[Event "FRA-chT Top 12 2019"]
[Site "Brest"]
[Date "2019.05.25"]
[Round "8.7"]
[White "Nelis, Jean-Francois"]
[Black "Riff, Jean-Noel"]
[Result "0-1"]
[WhiteElo "2149"]
[BlackElo "2494"]
[Annotator "ChessBase"]
[PlyCount "100"]
[EventDate "2019.05.18"]
[EventType "team-tourn"]
[EventCountry "FRA"]
[SourceTitle "playchess.com"]
[Source "ChessBase"]
[SourceQuality "1"]
[TimeControl "40/5400+30:1800+30"]

1. d4 {[%emt 0:00:00]} Nf6 {[%emt 0:00:00]} 2. Bf4 {[%emt 0:00:00]} b6 {[%emt 0:01:31]} 3. e3 {[%emt 0:00:12]} Bb7 {[%emt 0:00:07]} 4. h3 {[%emt 0:03:03]} g6 {[%emt 0:00:40]} 5. Nf3 {[%emt 0:00:09]} Bg7 {[%emt 0:00:06]} 6. Be2 {[%emt 0:00:24]} O-O {[%emt 0:00:07]} 7. O-O {[%emt 0:01:22]} d6 {[%emt 0:02:16]} 8. a4 {[%emt 0:00:54]} Nbd7 {[%emt 0:03:25]} 9. a5 {[%emt 0:03:43]} bxa5 {[%emt 0:00:10]} 10. c3 {[%emt 0:00:48]} c5 {[%emt 0:05:46]} 11. Qa4 {[%emt 0:05:57]} Qb6 {[%emt 0:02:50]} 12. Nbd2 {[%emt 0:06:44]} Bc6 {[%emt 0:02:02]} 13. Qxa5 {[%emt 0:00:44]} Nd5 {[%emt 0:03:33]} 14. Qxb6 {[%emt 0:08:08]} axb6 {[%emt 0:00:51]} 15. Bh2 {[%emt 0:01:06]} Rfc8 {[%emt 0:13:31]} 16. Rfc1 {[%emt 0:06:59]} Bh6 {[%emt 0:03:35]} 17. Kf1 {[%emt 0:11:14]} Bb7 {[%emt 0:02:18]} 18. Nb3 {[%emt 0:08:37]} f5 {[%emt 0:02:21]} 19. Rxa8 {[%emt 0:01:21]} Rxa8 {[%emt 0:01:51]} 20. Ra1 {[%emt 0:00:09]} Rxa1+ {[%emt 0:00:27]} 21. Nxa1 {[%emt 0:00:05]} f4 {[%emt 0:00:06]} 22. exf4 {[%emt 0:02:00]} Nxf4 {[%emt 0:00:42]} 23. Bxf4 {[%emt 0:02:03]} Bxf4 {[%emt 0:00:33]} 24. Nc2 {[%emt 0:07:08]} Bc1 {[%emt 0:01:49]} 25. b4 {[%emt 0:08:05]} Bb2 {[%emt 0:00:42]} 26. bxc5 {[%emt 0:05:51]} bxc5 {[%emt 0:00:11]} 27. Bb5 {[%emt 0:03:09]} Nf8 {[%emt 0:04:18]} 28. dxc5 {[%emt 0:02:09]} dxc5 {[%emt 0:00:29]} 29. c4 {[%emt 0:04:17]} Ne6 {[%emt 0:00:22]} 30. Nfe1 {[%emt 0:01:47]} Bc3 {[%emt 0:03:45]} 31. h4 {[%emt 0:01:14]} Kf7 {[%emt 0:00:13]} 32. g3 {[%emt 0:01:11]} Nc7 {[%emt 0:03:42]} 33. Ba4 {[%emt 0:00:46]} Ke6 {[%emt 0:00:06]} 34. Nd3 {[%emt 0:00:58]} Kd6 {[%emt 0:00:02]} 35. Ke2 {[%emt 0:01:59]} Ba6 {[%emt 0:00:37]} 36. Na3 {[%emt 0:00:45]} Ne6 {[%emt 0:02:14]} 37. Nb5+ {[%emt 0:00:52]} Bxb5 {[%emt 0:00:03]} 38. cxb5 {[%emt 0:00:55]} c4 {[%emt 0:00:05]} 39. Nc1 {[%emt 0:01:01]} Kc5 {[%emt 0:00:33]} 40. Kf3 {[%emt 0:01:30]} Nd4+ {[%emt 0:00:26]} 41. Kg4 {[%emt 0:02:30]} Bd2 {[%emt 0:01:32]} 42. Na2 {[%emt 0:03:12]} c3 {[%emt 0:01:24]} 43. f4 {[%emt 0:02:28]} c2 {[%emt 0:01:23]} 44. Kg5 {[%emt 0:01:25]} e5 {[%emt 0:01:30]} 45. b6 {[%emt 0:04:33]} Kxb6 {[%emt 0:00:05]} 46. Bd7 {[%emt 0:03:16]} e4 {[%emt 0:00:04]} 47. Bh3 {[%emt 0:01:06]} e3 {[%emt 0:00:04]} 48. Bf1 {[%emt 0:00:12]} e2 {[%emt 0:00:03]} 49. Bxe2 {[%emt 0:00:07]} Nxe2 {[%emt 0:00:02]} 50. Kh6 {[%emt 0:00:16]} Nc3 {[%emt 0:00:04]} 0-1

[Event "FRA-chT Top 12 2019"]
[Site "Brest"]
[Date "2019.05.25"]
[Round "8.7"]
[White "Vaugeois, Cyrille"]
[Black "Loiseau, Quentin"]
[Result "0-1"]
[WhiteElo "2146"]
[BlackElo "2471"]
[Annotator "ChessBase"]
[PlyCount "72"]
[EventDate "2019.05.18"]
[EventType "team-tourn"]
[EventCountry "FRA"]
[SourceTitle "playchess.com"]
[Source "ChessBase"]
[SourceQuality "1"]
[TimeControl "40/5400+30:1800+30"]

1. e4 {[%emt 0:00:00]} c5 {[%emt 0:00:10]} 2. Nf3 {[%emt 0:00:00]} Nc6 {[%emt 0:00:11]} 3. Bb5 {[%emt 0:00:32]} g6 {[%emt 0:00:11]} 4. Bxc6 {[%emt 0:01:00]} dxc6 {[%emt 0:00:18]} 5. d3 {[%emt 0:01:07]} Bg7 {[%emt 0:00:10]} 6. O-O {[%emt 0:00:51]} Nf6 {[%emt 0:02:57]} 7. Nc3 {[%emt 0:01:20]} Nd7 {[%emt 0:03:06]} 8. Be3 {[%emt 0:03:27]} e5 {[%emt 0:01:46]} 9. Nd2 {[%emt 0:15:37]} Qe7 {[%emt 0:45:19]} 10. a4 {[%emt 0:07:01]} b6 {[%emt 0:03:50]} 11. Nc4 {[%emt 0:15:26]} Ba6 {[%emt 0:03:19]} 12. Qe2 {[%emt 0:12:11]} Nf8 {[%emt 0:06:50]} 13. Na2 {[%emt 0:13:35]} Ne6 {[%emt 0:00:50]} 14. c3 {[%emt 0:02:14]} O-O {[%emt 0:01:54]} 15. Rab1 {[%emt 0:04:39]} f5 {[%emt 0:06:46]} 16. f3 {[%emt 0:01:44]} f4 {[%emt 0:00:28]} 17. Bf2 {[%emt 0:00:08]} g5 {[%emt 0:02:43]} 18. b4 {[%emt 0:01:20]} Rad8 {[%emt 0:00:31]} 19. b5 {[%emt 0:01:26]} cxb5 {[%emt 0:00:09]} 20. axb5 {[%emt 0:00:08]} Bc8 {[%emt 0:00:11]} 21. Rfd1 {[%emt 0:02:15]} h5 {[%emt 0:03:27]} 22. Nc1 {[%emt 0:01:02]} g4 {[%emt 0:01:09]} 23. Qa2 {[%emt 0:00:23]} Kh8 {[%emt 0:02:10]} 24. Kf1 {[%emt 0:01:35]} Ng5 {[%emt 0:01:34]} 25. Bh4 {[%emt 0:01:38]} gxf3 {[%emt 0:00:32]} 26. gxf3 {[%emt 0:00:12]} Bh3+ {[%emt 0:00:27]} 27. Ke2 {[%emt 0:00:28]} Bf6 {[%emt 0:01:10]} 28. Bxg5 {[%emt 0:01:25]} Bxg5 {[%emt 0:00:01]} 29. Nb3 {[%emt 0:00:37]} Rg8 {[%emt 0:01:23]} 30. Rg1 {[%emt 0:00:24]} Bf6 {[%emt 0:01:18]} 31. Qa1 {[%emt 0:00:20]} Bg2 {[%emt 0:02:21]} 32. Rbd1 {[%emt 0:02:09]} Qd7 {[%emt 0:00:35]} 33. d4 {[%emt 0:04:13]} Qxb5 {[%emt 0:02:08]} 34. Nbd2 {[%emt 0:01:35]} cxd4 {[%emt 0:00:39]} 35. cxd4 {[%emt 0:04:02]} Rxd4 {[%emt 0:00:27]} 36. Kf2 {[%emt 0:00:32]} Bh4+ 0-1

[Event "FRA-chT Top 12 2019"]
[Site "Brest"]
[Date "2019.05.25"]
[Round "8.8"]
[White "Libiszewski, Fabien"]
[Black "Sebag, Marie"]
[Result "1-0"]
[WhiteElo "2511"]
[BlackElo "2476"]
[Annotator "ChessBase"]
[PlyCount "105"]
[EventDate "2019.05.18"]
[EventType "team-tourn"]
[EventCountry "FRA"]
[SourceTitle "playchess.com"]
[Source "ChessBase"]
[SourceQuality "1"]
[TimeControl "40/5400+30:1800+30"]

1. e4 {[%emt 0:00:12]} c5 {[%emt 0:00:00]} 2. Nc3 {[%emt 0:00:09]} a6 {[%emt 0:00:02]} 3. g3 {[%emt 0:00:20]} b5 {[%emt 0:04:51]} 4. Bg2 {[%emt 0:00:41]} Bb7 {[%emt 0:00:39]} 5. Nh3 {[%emt 0:01:08]} e6 {[%emt 0:07:13]} 6. O-O {[%emt 0:03:41]} Qc7 {[%emt 0:06:35]} 7. d3 {[%emt 0:06:57]} Nf6 {[%emt 0:05:04]} 8. f4 {[%emt 0:01:08]} d6 {[%emt 0:09:02]} 9. e5 {[%emt 0:28:19]} Bxg2 {[%emt 0:18:19]} 10. Kxg2 {[%emt 0:00:14]} Qc6+ {[%emt 0:14:13]} 11. Kg1 {[%emt 0:01:39]} Nfd7 {[%emt 0:11:39]} 12. exd6 {[%emt 0:12:14]} Nf6 {[%emt 0:00:33]} 13. a4 {[%emt 0:12:34]} b4 {[%emt 0:00:44]} 14. Ne4 {[%emt 0:00:12]} Nxe4 {[%emt 0:05:10]} 15. dxe4 {[%emt 0:00:05]} Bxd6 {[%emt 0:01:13]} 16. Qe2 {[%emt 0:12:23]} O-O {[%emt 0:01:39]} 17. Rd1 {[%emt 0:00:09]} c4 {[%emt 0:01:00]} 18. Be3 {[%emt 0:01:09]} Nd7 {[%emt 0:05:10]} 19. Nf2 {[%emt 0:00:09]} Be7 {[%emt 0:01:05]} 20. Rd4 {[%emt 0:04:32]} Rac8 {[%emt 0:00:24]} 21. Rad1 {[%emt 0:00:51]} Nf6 {[%emt 0:01:37]} 22. g4 {[%emt 0:07:23]} Rfd8 {[%emt 0:01:27]} 23. g5 {[%emt 0:01:03]} Ne8 {[%emt 0:00:24]} 24. b3 {[%emt 0:00:22]} Rxd4 {[%emt 0:00:52]} 25. Rxd4 {[%emt 0:00:48]} cxb3 {[%emt 0:00:43]} 26. cxb3 {[%emt 0:00:04]} Rd8 {[%emt 0:00:51]} 27. Rc4 {[%emt 0:01:37]} Qd7 {[%emt 0:00:10]} 28. Qc2 {[%emt 0:00:35]} g6 {[%emt 0:00:53]} 29. Kg2 {[%emt 0:01:37]} Bf8 {[%emt 0:01:28]} 30. Bb6 {[%emt 0:00:38]} Rb8 {[%emt 0:00:11]} 31. Bd4 {[%emt 0:00:09]} Nd6 {[%emt 0:01:05]} 32. Ng4 {[%emt 0:01:32]} Be7 {[%emt 0:00:52]} 33. Rc7 {[%emt 0:00:47]} Rc8 {[%emt 0:00:19]} 34. Rxd7 {[%emt 0:00:22]} Rxc2+ {[%emt 0:00:04]} 35. Kf3 {[%emt 0:00:08]} Kf8 {[%emt 0:00:53]} 36. Bf6 {[%emt 0:01:15]} Nc8 {[%emt 0:00:52]} 37. Bxe7+ {[%emt 0:00:43]} Nxe7 {[%emt 0:00:01]} 38. Rd8+ {[%emt 0:00:11]} Kg7 {[%emt 0:00:02]} 39. Nf6 {[%emt 0:00:08]} Rc8 {[%emt 0:01:29]} 40. Rxc8 {[%emt 0:01:04]} Nxc8 {[%emt 0:00:04]} 41. Ke3 {[%emt 0:30:11]} e5 {[%emt 0:30:55]} 42. fxe5 {[%emt 0:00:00]} Ne7 {[%emt 0:00:00]} 43. Kd4 {[%emt 0:00:00]} Nc6+ {[%emt 0:00:00]} 44. Kd5 {[%emt 0:00:00]} Na5 {[%emt 0:00:00]} 45. Kc5 {[%emt 0:00:00]} Nxb3+ {[%emt 0:00:00]} 46. Kxb4 {[%emt 0:00:00]} Nd4 {[%emt 0:00:00]} 47. Ka5 {[%emt 0:00:00]} Kf8 {[%emt 0:00:00]} 48. Kxa6 {[%emt 0:00:00]} Ke7 {[%emt 0:00:00]} 49. a5 {[%emt 0:00:00]} Kd8 {[%emt 0:00:00]} 50. Kb7 {[%emt 0:00:00]} Nb3 {[%emt 0:00:00]} 51. a6 {[%emt 0:00:00]} Nc5+ {[%emt 0:00:00]} 52. Kb6 {[%emt 0:00:00]} Na4+ {[%emt 0:00:00]} 53. Kc6 {[%emt 0:00:00]} 1-0

[Event "FRA-chT Top 12 2019"]
[Site "Brest"]
[Date "2019.05.25"]
[Round "8.8"]
[White "Skripchenko, Almira"]
[Black "De Seroux, Camille"]
[Result "0-1"]
[WhiteElo "2406"]
[BlackElo "2143"]
[Annotator "NA"]
[PlyCount "150"]
[EventDate "2019.05.18"]
[EventType "team-tourn"]
[EventCountry "FRA"]
[SourceTitle "playchess.com"]
[Source "ChessBase"]
[SourceQuality "1"]
[TimeControl "40/5400+30:1800+30"]

1. Nf3 {[%emt 0:00:00]} c5 {[%emt 0:00:00]} 2. e3 {[%emt 0:00:00]} Nf6 {[%emt 0:07:23]} 3. d4 {[%emt 0:00:36]} e6 {[%emt 0:01:09]} 4. Bd3 {[%emt 0:01:16]} Be7 {[%emt 0:02:21]} 5. O-O {[%emt 0:00:23]} O-O {[%emt 0:00:56]} 6. c4 {[%emt 0:04:19]} cxd4 {[%emt 0:06:53]} 7. exd4 {[%emt 0:00:18]} d5 {[%emt 0:01:01]} 8. Nc3 {[%emt 0:00:24]} b6 {[%emt 0:04:26]} 9. cxd5 {[%emt 0:04:21]} Nxd5 {[%emt 0:00:26]} 10. Nxd5 {[%emt 0:04:08]} exd5 {[%emt 0:07:20]} 11. Ne5 {[%emt 0:00:32]} Ba6 {[%emt 0:25:14]} 12. Nc6 {[%emt 0:17:49]} Qd6 {[%emt 0:05:01]} 13. Nxe7+ {[%emt 0:00:51]} Qxe7 {[%emt 0:00:06]} 14. Re1 {[%emt 0:00:17]} Qf6 {[%emt 0:05:13]} 15. Bc2 {[%emt 0:04:29]} Nc6 {[%emt 0:01:26]} 16. Be3 {[%emt 0:04:30]} Rac8 {[%emt 0:05:24]} 17. Qg4 {[%emt 0:07:44]} h6 {[%emt 0:07:37]} 18. Qf5 {[%emt 0:05:12]} Qxf5 {[%emt 0:00:57]} 19. Bxf5 {[%emt 0:00:05]} Rcd8 {[%emt 0:03:08]} 20. Rac1 {[%emt 0:01:57]} Bc8 {[%emt 0:03:06]} 21. Bd3 {[%emt 0:03:47]} Bd7 {[%emt 0:04:27]} 22. a3 {[%emt 0:00:53]} Rfe8 {[%emt 0:01:37]} 23. h3 {[%emt 0:04:55]} Re7 {[%emt 0:01:58]} 24. b4 {[%emt 0:02:07]} Rde8 {[%emt 0:01:22]} 25. Red1 {[%emt 0:00:06]} Nd8 {[%emt 0:02:20]} 26. Rc7 {[%emt 0:01:14]} Bc6 {[%emt 0:01:59]} 27. Rxe7 {[%emt 0:02:48]} Rxe7 {[%emt 0:00:00]} 28. Rc1 {[%emt 0:00:08]} Bb7 {[%emt 0:00:00]} 29. b5 {[%emt 0:06:16]} Ne6 {[%emt 0:00:24]} 30. a4 {[%emt 0:00:05]} Kf8 {[%emt 0:00:52]} 31. Bf5 {[%emt 0:08:31]} Ke8 {[%emt 0:00:26]} 32. g4 {[%emt 0:04:12]} Kd8 {[%emt 0:00:29]} 33. Bd3 {[%emt 0:00:54]} Rc7 {[%emt 0:00:34]} 34. Rd1 {[%emt 0:01:22]} Rc3 {[%emt 0:00:40]} 35. f4 {[%emt 0:00:12]} Ra3 {[%emt 0:00:20]} 36. f5 {[%emt 0:01:13]} Ng5 {[%emt 0:00:17]} 37. h4 {[%emt 0:00:57]} Ne4 {[%emt 0:00:31]} 38. Kg2 {[%emt 0:01:44]} Rxa4 {[%emt 0:00:22]} 39. Kf3 {[%emt 0:01:36]} Ra3 {[%emt 0:00:55]} 40. g5 {[%emt 0:01:22]} hxg5 {[%emt 0:00:08]} 41. hxg5 {[%emt 0:30:07]} Bc8 {[%emt 0:16:03]} 42. Kf4 {[%emt 0:00:00]} Nd6 {[%emt 0:05:51]} 43. Bc1 {[%emt 0:00:00]} Ra1 {[%emt 0:04:16]} 44. Rh1 {[%emt 0:00:00]} Bd7 {[%emt 0:02:41]} 45. Ke5 {[%emt 0:00:00]} Nxb5 {[%emt 0:02:34]} 46. Kxd5 {[%emt 0:00:00]} Nc7+ {[%emt 0:00:45]} 47. Ke5 {[%emt 0:00:00]} Ra5+ {[%emt 0:00:20]} 48. Kf4 {[%emt 0:00:16]} Nd5+ {[%emt 0:00:21]} 49. Kf3 {[%emt 0:00:31]} Nb4 {[%emt 0:01:33]} 50. Rh8+ {[%emt 0:00:14]} Ke7 {[%emt 0:01:08]} 51. Bd2 {[%emt 0:02:45]} Ra4 {[%emt 0:00:08]} 52. Be4 {[%emt 0:01:02]} Nc6 {[%emt 0:00:16]} 53. Bxc6 {[%emt 0:01:42]} Bxc6+ {[%emt 0:00:03]} 54. Ke3 {[%emt 0:00:06]} Ra3+ {[%emt 0:01:02]} 55. Ke2 {[%emt 0:00:05]} Ra2 {[%emt 0:00:33]} 56. Rg8 {[%emt 0:01:58]} Bd7 {[%emt 0:00:20]} 57. Rxg7 {[%emt 0:00:24]} Bxf5 {[%emt 0:00:07]} 58. Rg8 {[%emt 0:00:03]} Ra4 {[%emt 0:01:15]} 59. Ke3 {[%emt 0:00:36]} Bg6 {[%emt 0:00:13]} 60. Rb8 {[%emt 0:00:16]} Ke6 {[%emt 0:00:32]} 61. Rd8 {[%emt 0:00:43]} Ra3+ {[%emt 0:00:17]} 62. Ke2 {[%emt 0:00:08]} Bd3+ {[%emt 0:00:27]} 63. Kf2 {[%emt 0:00:14]} Bc4 {[%emt 0:01:12]} 64. Bb4 {[%emt 0:02:24]} Rd3 {[%emt 0:00:39]} 65. Bf8 {[%emt 0:01:21]} Kf5 {[%emt 0:00:24]} 66. Be7 {[%emt 0:00:18]} Kg4 {[%emt 0:00:28]} 67. Ra8 {[%emt 0:01:07]} Rd2+ {[%emt 0:00:15]} 68. Kg1 {[%emt 0:00:19]} Rd1+ {[%emt 0:00:41]} 69. Kf2 {[%emt 0:00:10]} Rd2+ {[%emt 0:00:01]} 70. Kg1 {[%emt 0:00:05]} a5 {[%emt 0:01:09]} 71. Bd8 {[%emt 0:00:18]} Rd1+ {[%emt 0:00:36]} 72. Kf2 {[%emt 0:00:06]} Rf1+ {[%emt 0:00:29]} 73. Kg2 {[%emt 0:01:21]} Rf5 {[%emt 0:00:28]} 74. Kh2 {[%emt 0:00:30]} Bd5 {[%emt 0:00:24]} 75. Rb8 {[%emt 0:00:38]} Rf1 {[%emt 0:00:08]} 0-1

[Event "FRA-chT Top 12 2019"]
[Site "Brest"]
[Date "2019.05.25"]
[Round "8.8"]
[White "Riff, Vincent"]
[Black "Fruteau, Sabine"]
[Result "1-0"]
[WhiteElo "2399"]
[BlackElo "2015"]
[Annotator "NA"]
[PlyCount "79"]
[EventDate "2019.05.18"]
[EventType "team-tourn"]
[EventCountry "FRA"]
[SourceTitle "playchess.com"]
[Source "ChessBase"]
[SourceQuality "1"]
[TimeControl "40/5400+30:1800+30"]

1. Nf3 {[%emt 0:00:00]} Nf6 {[%emt 0:00:05]} 2. g3 {[%emt 0:00:00]} g6 {[%emt 0:00:40]} 3. Bg2 {[%emt 0:00:00]} Bg7 {[%emt 0:00:30]} 4. O-O {[%emt 0:00:00]} O-O {[%emt 0:00:00]} 5. c4 {[%emt 0:00:32]} c5 {[%emt 0:00:00]} 6. Nc3 {[%emt 0:00:42]} Nc6 {[%emt 0:05:02]} 7. d4 {[%emt 0:00:12]} cxd4 {[%emt 0:00:07]} 8. Nxd4 {[%emt 0:00:07]} Nxd4 9. Qxd4 d6 {[%emt 0:00:36]} 10. Rd1 {[%emt 0:04:05]} Qa5 {[%emt 0:07:38]} 11. Qd3 {[%emt 0:05:20]} Rb8 {[%emt 0:13:41]} 12. Nb5 {[%emt 0:08:34]} Ng4 {[%emt 0:15:46]} 13. h3 {[%emt 0:23:04]} Ne5 {[%emt 0:13:21]} 14. Qc2 {[%emt 0:01:33]} Bf5 {[%emt 0:01:34]} 15. e4 {[%emt 0:02:04]} Be6 {[%emt 0:00:10]} 16. Bd2 {[%emt 0:01:26]} Qd8 {[%emt 0:00:20]} 17. b3 {[%emt 0:02:39]} Nc6 {[%emt 0:09:15]} 18. Rac1 {[%emt 0:06:56]} Qd7 {[%emt 0:17:28]} 19. Kh2 {[%emt 0:00:36]} a6 {[%emt 0:03:58]} 20. Nc3 {[%emt 0:00:17]} b5 {[%emt 0:00:39]} 21. Nd5 {[%emt 0:01:31]} Nd4 {[%emt 0:04:49]} 22. Qd3 {[%emt 0:00:32]} f5 {[%emt 0:00:34]} 23. Be3 {[%emt 0:01:13]} fxe4 {[%emt 0:01:08]} 24. Qxe4 {[%emt 0:00:23]} Bxd5 {[%emt 0:02:03]} 25. Qxd5+ {[%emt 0:05:29]} e6 {[%emt 0:00:06]} 26. Qg5 {[%emt 0:00:04]} Nf5 {[%emt 0:00:40]} 27. Bf4 {[%emt 0:06:50]} e5 {[%emt 0:00:11]} 28. Bd2 {[%emt 0:00:37]} Qa7 {[%emt 0:00:57]} 29. Kg1 {[%emt 0:01:21]} Nd4 {[%emt 0:01:29]} 30. Be3 {[%emt 0:00:42]} Kh8 {[%emt 0:00:36]} 31. Qg4 {[%emt 0:00:33]} Qf7 {[%emt 0:00:18]} 32. Bd5 {[%emt 0:01:40]} Qf6 {[%emt 0:00:05]} 33. Kg2 {[%emt 0:00:56]} Qf5 {[%emt 0:01:02]} 34. Qxf5 {[%emt 0:00:15]} Nxf5 {[%emt 0:00:41]} 35. Ba7 {[%emt 0:00:23]} Rbd8 {[%emt 0:00:14]} 36. Bb6 {[%emt 0:01:31]} Rb8 {[%emt 0:00:20]} 37. Ba5 {[%emt 0:01:56]} Nd4 {[%emt 0:01:00]} 38. Bc7 {[%emt 0:00:19]} Rbc8 {[%emt 0:00:19]} 39. Bxd6 {[%emt 0:00:10]} bxc4 {[%emt 0:00:58]} 40. Bxf8 1-0

[Event "FRA-chT Top 12 2019"]
[Site "Brest"]
[Date "2019.05.25"]
[Round "8.8"]
[White "Richard, Emma"]
[Black "Van Hoolandt, Patrick"]
[Result "1/2-1/2"]
[WhiteElo "2120"]
[BlackElo "2127"]
[Annotator "NA"]
[PlyCount "74"]
[EventDate "2019.05.18"]
[EventType "team-tourn"]
[EventCountry "FRA"]
[SourceTitle "playchess.com"]
[Source "ChessBase"]
[SourceQuality "1"]
[TimeControl "40/5400+30:1800+30"]

1. e4 {[%emt 0:00:00]} e5 {[%emt 0:00:00]} 2. Nf3 {[%emt 0:00:00]} Nc6 {[%emt 0:00:00]} 3. Bb5 {[%emt 0:00:00]} Nf6 {[%emt 0:00:00]} 4. d3 {[%emt 0:00:05]} Bc5 {[%emt 0:00:04]} 5. Nbd2 {[%emt 0:00:14]} Qe7 {[%emt 0:11:06]} 6. Bxc6 {[%emt 0:15:45]} bxc6 {[%emt 0:12:41]} 7. O-O {[%emt 0:02:16]} O-O {[%emt 0:03:09]} 8. h3 {[%emt 0:03:00]} d6 {[%emt 0:08:41]} 9. a4 {[%emt 0:05:04]} a5 {[%emt 0:05:22]} 10. Nc4 {[%emt 0:06:10]} Be6 {[%emt 0:02:57]} 11. Ne3 {[%emt 0:04:24]} Nd7 {[%emt 0:11:12]} 12. Re1 {[%emt 0:15:37]} d5 {[%emt 0:10:11]} 13. Nf1 {[%emt 0:12:33]} h6 {[%emt 0:09:32]} 14. exd5 {[%emt 0:06:10]} cxd5 {[%emt 0:00:02]} 15. d4 {[%emt 0:07:23]} exd4 {[%emt 0:00:07]} 16. Nxd4 {[%emt 0:00:34]} Qh4 {[%emt 0:04:42]} 17. Be3 {[%emt 0:04:02]} Bxd4 {[%emt 0:03:35]} 18. Qxd4 {[%emt 0:00:42]} Qxd4 {[%emt 0:00:08]} 19. Bxd4 {[%emt 0:00:04]} c5 {[%emt 0:00:04]} 20. Be3 {[%emt 0:05:08]} Rfb8 {[%emt 0:01:17]} 21. b3 {[%emt 0:00:43]} d4 {[%emt 0:06:36]} 22. Bf4 {[%emt 0:00:25]} Rb4 {[%emt 0:01:02]} 23. Bd2 {[%emt 0:01:31]} Rb7 {[%emt 0:00:14]} 24. Ng3 {[%emt 0:00:11]} d3 {[%emt 0:00:49]} 25. cxd3 {[%emt 0:00:41]} Rxb3 {[%emt 0:00:01]} 26. Re3 {[%emt 0:01:34]} Rb2 {[%emt 0:06:27]} 27. Be1 {[%emt 0:03:32]} Nb6 {[%emt 0:01:05]} 28. Ne4 {[%emt 0:01:27]} Nd5 {[%emt 0:01:30]} 29. Rg3 {[%emt 0:00:04]} Nf4 {[%emt 0:00:06]} 30. Rxg7+ {[%emt 0:04:36]} Kxg7 {[%emt 0:00:24]} 31. Bc3+ {[%emt 0:00:02]} Kf8 {[%emt 0:00:19]} 32. Bxb2 {[%emt 0:00:02]} Nxd3 {[%emt 0:00:09]} 33. Ba3 {[%emt 0:01:27]} Rc8 {[%emt 0:01:03]} 34. Nxc5 {[%emt 0:00:55]} Nxc5 {[%emt 0:00:39]} 35. Rc1 {[%emt 0:00:03]} Ke8 {[%emt 0:00:53]} 36. Rxc5 {[%emt 0:00:11]} Rxc5 {[%emt 0:00:15]} 37. Bxc5 {[%emt 0:00:05]} h5 {[%emt 0:00:25]} 1/2-1/2

[Event "FRA-chT Top 12 2019"]
[Site "Brest"]
[Date "2019.05.25"]
[Round "8.8"]
[White "Verot, Melanie"]
[Black "Steil-Antoni, Fiona"]
[Result "1/2-1/2"]
[WhiteElo "2069"]
[BlackElo "2156"]
[Annotator "NA"]
[PlyCount "55"]
[EventDate "2019.05.18"]
[EventType "team-tourn"]
[EventCountry "FRA"]
[SourceTitle "playchess.com"]
[Source "ChessBase"]
[SourceQuality "1"]
[TimeControl "40/5400+30:1800+30"]

1. d4 {[%emt 0:00:00]} f5 {[%emt 0:00:00]} 2. c4 {[%emt 0:01:41]} Nf6 {[%emt 0:00:00]} 3. Nc3 {[%emt 0:00:56]} e6 {[%emt 0:00:08]} 4. Bg5 {[%emt 0:03:20]} Be7 {[%emt 0:03:55]} 5. e3 {[%emt 0:02:43]} O-O {[%emt 0:02:33]} 6. Bd3 {[%emt 0:02:40]} d6 {[%emt 0:02:05]} 7. Nf3 {[%emt 0:13:24]} Qe8 {[%emt 0:03:06]} 8. O-O {[%emt 0:11:41]} Nc6 {[%emt 0:05:16]} 9. d5 {[%emt 0:07:40]} Ne5 {[%emt 0:02:58]} 10. dxe6 {[%emt 0:11:03]} Nxd3 {[%emt 0:10:18]} 11. Qxd3 {[%emt 0:00:28]} c6 {[%emt 0:08:49]} 12. Nd4 {[%emt 0:05:26]} Qg6 {[%emt 0:10:50]} 13. f4 {[%emt 0:11:03]} Kh8 {[%emt 0:14:18]} 14. Qxf5 {[%emt 0:03:36]} Qe8 {[%emt 0:00:38]} 15. Qd3 {[%emt 0:00:51]} h6 {[%emt 0:02:00]} 16. Rf3 {[%emt 0:03:26]} hxg5 {[%emt 0:02:46]} 17. Rh3+ {[%emt 0:00:12]} Nh5 {[%emt 0:00:23]} 18. g4 {[%emt 0:00:24]} g6 {[%emt 0:01:05]} 19. gxh5 {[%emt 0:01:06]} g4 {[%emt 0:01:57]} 20. Rg3 {[%emt 0:04:27]} gxh5 {[%emt 0:00:02]} 21. Ne4 {[%emt 0:00:51]} c5 {[%emt 0:07:56]} 22. Nb5 {[%emt 0:00:48]} Bxe6 {[%emt 0:02:18]} 23. Nexd6 {[%emt 0:01:09]} Qd7 {[%emt 0:03:23]} 24. Qg6 {[%emt 0:01:31]} h4 {[%emt 0:02:41]} 25. Qh6+ {[%emt 0:04:00]} Kg8 {[%emt 0:00:01]} 26. Qg6+ {[%emt 0:02:21]} Kh8 {[%emt 0:00:02]} 27. Qh6+ {[%emt 0:00:05]} Kg8 {[%emt 0:00:05]} 28. Qg6+ {[%emt 0:00:04]} 1/2-1/2